000 00679nam a22002297a 4500
003 dpl
005 20180526171231.0
008 180526b xxu||||| |||| 00| 0 eng d
010 _aA-895522
020 _a8170249260
_c0.00
035 _aA-895522
037 _bBPPD/PUb
040 _c0
082 _a973
100 _aVora, Batuk
245 _aAmerica...America! ;
_cby Batuk Vora
_byou know what I mean!!
260 _aNew Delhi
_bAPH Publishing
_c1998
270 _a5, Ansari Road Daryaganj
_bDelhi
_cNew Delhi
_e110002
300 _ax, 239p.
_c22 cm.(Hb)
500 _aIncludes bibliographical references
942 _adpl
_cEN
_k973 /VOR
_2ddc
_h973
_mVOR
999 _c152301
_d152301